| 000 | 00796nam a2200241 a 4500 | ||
|---|---|---|---|
| 001 | 74622 | ||
| 003 | BD-RjUL | ||
| 005 | 20211209082559.0 | ||
| 008 | 181105s1963 u a|||| i||| 001 0 eng d | ||
| 035 | _a(BD-RjUL) | ||
| 040 |
_aBD-RjUL _beng _cBD-RjUL |
||
| 041 | _aeng | ||
| 082 |
_223 _a551.60901 _bSCC 1963 |
||
| 100 |
_aSchwarzbach, Martin, _d1907- _9224693 |
||
| 245 |
_aClimates of the past : an introduction to paleoclimatology / _cMartin Schwarzbach; R O Muir |
||
| 260 |
_aLondon : _bD. Van Nostrad co, _cc1963 |
||
| 300 |
_axii-328 p. : _bill. ; _c25 cm. |
||
| 490 | _aThe University series in geology; University series in geology. | ||
| 504 | _aIncludes Bibliography and Index | ||
| 650 |
_aPaleoclimatology. _9224694 |
||
| 700 |
_a Muir, Richard O. _9224695 |
||
| 942 |
_2ddc _cBK |
||
| 999 |
_c74622 _d74622 |
||